000 00396nam a22001577a 4500
003 MPLRDC
005 20220104123413.0
008 210129b ||||| |||| 00| 0 eng d
082 _a422.5 SPR
100 _a施沛荣编著
245 _a室内布置实例168
_c
260 _a
_b香港得利书局
_c1982
300 _b
650 _a房间之设备及家庭布置
942 _cBK
_o422.5 SPR
999 _c11157
_d11147